Derecho del consumo Tras un lustro del estatuto del consumidor en Colombia /

Detalles Bibliográficos
Autor principal: Ortega Da̕z, Juan Francisco
Otros Autores: Martn̕ez Salcedo, Juan Carlos, Osorio Giammaria, Gloria Isabel
Formato: eBook
Lenguaje:español
Publicado: Bogot:̀ Universidad de Los Andes (Colombia), 2018
Materias:
Acceso en línea:Acceso restringido

MARC

LEADER 00000nam a22000007a 4500
005 20190512153658.0
007 cr|||| ||||
008 190512s2018 co |||||s|||| 00||0 spa d
020 |a 978-958-35-1189-9 
035 |a 23325 
040 |a vLex 
090 |c 8683  |d 8683 
100 1 |a Ortega Da̕z, Juan Francisco 
245 1 0 |a Derecho del consumo  |h [Recurso electrn̤ico] :  |b Tras un lustro del estatuto del consumidor en Colombia /  |c Juan Francisco Ortega Da̕z, Juan Carlos Martn̕ez Salcedo, Gloria Isabel Osorio Giammaria 
256 |a Servicio en ln̕ea 
260 |a Bogot:̀  |b Universidad de Los Andes (Colombia),  |c 2018 
300 |a 1 recurso electrn̤ico 
500 |a “Desde un anl̀isis general de los derechos de los consumidores en el m̀bito latinoamericano hasta el estudio de la informacin̤ y publicidad desde varias perspectivas, los autores han tratado de recoger los principales retos y tambiň cambios a los que se enfrenta el derecho de consumo. Elementos como el comercio electrn̤ico y sus leyes —que son esencialmente leyes de proteccin̤ de consumidores, as ̕muchos se empeęn en negarlo—, el derecho de retracto, la proteccin̤ ante la enorme problemt̀ica de los productos defectuosos —realidad especialmente sensible en los pas̕es en desarrollo—, los aspectos procedimentales de este derecho o el examen de las clùsulas abusivas en los contratos de prštamo hipotecario o las caracters̕ticas particulares del contrato de compraventa celebrado con consumidores, son otros de los asuntos de mx̀ima discusin̤, hoy y en el futuro cercano, abordados en la presente obra”. 
506 1 |a Disponible solo en los productos indicados  |d vLex Global  |d vLex Global (Academic Edition, excluding Law Schools)  |d vLex Global (U.S. Academic Edition, Law Schools)  |d vLex Global (U.S. Academic Edition, excluding Law Schools)  |d vLex Global (Academic Edition, Law Schools) 
650 0 4 |a Consumidores Usuarios  |z Colombia 
700 1 |a Martn̕ez Salcedo, Juan Carlos 
700 1 |a Osorio Giammaria, Gloria Isabel 
740 0 |a vLex Libros (Servicio en ln̕ea) 
856 4 0 |u http://vlex.com/source/derecho-del-consumo-tras-un-lustro-del-estatuto-del-consumidor-en-colombia-23325  |z Acceso restringido 
942 |c BOOK 
999 0 |a Consumers Users